Statistiques concernant Des dates de batailles

Cliquez ici pour prendre le quiz!

Statistiques générales

  • Ce quiz a été pris 74 fois
    (34 depuis la dernière actualisation)
  • Le résultat moyen est 29 sur 68

Statistiques - réponses

HintRéponse% Correct
Bataille d'Austerlitz1805
97%
Bataille de Trafalgar1805
97%
Bataille de Waterloo1815
93%
Bataille de Verdun1916
93%
Bataille de Midway1942
83%
Bataille d'Eylau1807
79%
Bataille de Wagram1809
79%
Bataille de la Bérézina1812
79%
Bataille de Sedan1870
79%
Bataille du Chemin des Dames1917
79%
Bataille de Pearl Harbor1941
79%
Bataille de Leipzig ou Bataille des Nations1813
76%
Bataille de Koursk1943
76%
Bataille de Marignan1515
72%
Bataille de la Somme1914
69%
Bataille d'Abukir1799
62%
Bataille de Marengo1800
62%
Bataille d'Hastings1066
59%
Bataille des Pyramides1798
59%
Bataille de Dien Bien Phû1954
59%
Bataille de Poitiers (Charles Martel)732
59%
Batailles de Camerone et de Gettysburg1863
55%
Bataille de Jemappes1792
52%
Bataille de Rivoli1797
52%
Bataille de Solférino1859
52%
Bataille d'Azincourt1415
48%
Bataille de Fleurus1794
48%
Bataille de Bouvines1214
45%
Bataille de Rocroi1643
45%
Bataille de Palikao1860
41%
Bataille de Sadowa1866
41%
Bataille d'Actium-31
41%
Bataille de Crécy1346
38%
Bataille de Castillon1453
38%
Bataille de Pavie1525
38%
Bataille de Lépante1571
34%
Bataille de Fontenoy1745
34%
Bataille de Chesapeake1781
34%
Bataille de Yorktown1781
34%
Bataille des Champs Catalauniques451
34%
Bataille de Soissons486
34%
Bataille de Tolbiac496
34%
Bataille de Las Navas de Tolosa1212
28%
Bataille des Plaines d'Abraham1759
28%
Bataille de Tsushima1905
28%
Bataille de Hattin1187
24%
Bataille de Poitiers (Jean II Le Bon)1356
24%
Bataille de Fort Alamo1836
24%
Bataille du Pont Milvius312
24%
Bataille de Courtrai ou Bataille des Eperons d'or1302
21%
Bataille de Grunwald1410
21%
Bataille de Denain1712
21%
Bataille d'Andrinople378
21%
Bataille de Vouillé507
21%
Bataille de Roncevaux778
21%
Bataille de Poltava1709
17%
Bataille de Little Big Horn1876
17%
Bataille de l'Ecluse1340
14%
Bataille de Bosworth1485
14%
Bataille de Navarin1827
14%
Bataille de Wounded Knee1890
14%
Bataille de Brémule1119
10%
Bataille d'Ourique1139
10%
Bataille du Garigliano1503
10%
Bataille de Jarnac1569
10%
Bataille d'Ivry1590
10%
Bataille de Narva1700
10%
Bataille de Mazagran1840
7%

Distribution des résultats

Percentile par nombre de réponses

% des personnes avec chaque résultat

Votre développement - résultats

Vous n’avez pas pris ce quiz depuis la dernière actualisation